Départements du Grand Est - Mort subite - Statistiques

Statistiques générales
  • Ce quiz a été pris 539 fois
  • Le résultat moyen est 6 sur 10
Answers on the Grid
Answers color-coded by a green-red scale on the quiz's grid according to % correct below.
Champagne
Territoire-de-Belfort
Haute-Saône
Luxembourg-français
Alsace
Sarre
Yonne
Aisne
Seine-et-Marne
Meuse-et-Moselle
Bas-Rhin
Haut-Rhin
Meurthe-et-Moselle
Moselle
Vosges
Meuse
Aube
Marne
Ardennes
Haute-Marne
 
Statistiques - réponses
Réponse % Correct
Bas-Rhin
68%
Haut-Rhin
64%
Moselle
64%
Meurthe-et-Moselle
60%
Meuse
59%
Vosges
56%
Ardennes
54%
Haute-Marne
53%
Marne
53%
Aube
42%
Aucun quiz correspondant
Distribution des résultats
% des personnes avec chaque résultat
Percentile par nombre de réponses
Votre historique - résultats
Vous n’avez pas pris ce quiz